000 00354nam a22001457a 4500
003 OSt
020 _a9789350140895
040 _c0
_d0
082 _222
_a577.05
100 _aSrivastava, Smriti
245 _aEnergy environment ecology and society /
260 _aNew Delhi,
_bS.K Kararia and Sons,
_cc2010
300 _a257 p. ;
_bill. ;
942 _2ddc
_cGEN
999 _c4810
_d4810